[Event "GLC Masters"]
[Site "London"]
[Date "1986.??.??"]
[Round "7"]
[White "Levitt, Jonathan"]
[Black "Arkell, Keith C"]
[Result "1/2-1/2"]
[WhiteElo "2395"]
[BlackElo "2375"]

1.d4 Nf6 2.c4 e6 3.Nc3 Bb4 4.Nf3 b6 5.Bg5 h6 6.Bh4 Bxc3+ 7.bxc3 Nc6 8.Nd2 Ne7
9.e4 Ng6 10.Bg3 d6 11.f4 Bb7 12.Bd3 h5 13.f5 exf5 14.exf5 h4 15.Qe2+ Qe7
16.Bxd6 cxd6 17.fxg6 h3 18.Qxe7+ Kxe7 19.O-O hxg2 20.Rfe1+ Kf8 21.Be4 Rb8
22.Bxg2 fxg6 23.Re6 Bxg2 24.Kxg2 Rd8 25.Ne4 Nxe4 26.Rxe4 Rh5 27.Rf1+ Rf5
28.Ref4 Rc8 29.Rxf5+ gxf5 30.Rxf5+ Ke7 31.Rg5 Kf6 32.Rd5 Ke6 33.Rg5 Rxc4
34.Rxg7 Ra4 35.h4 Rxa2+ 36.Kg3 Ra3 37.Rc7 b5 38.Kf4 Kd5 39.h5 Ra1 40.h6 Rh1
41.Kg5 a5 42.Kg6 b4 43.cxb4 axb4 44.Rb7 Rg1+ 45.Kf6 Rf1+  1/2-1/2

[Event "GLC Masters"]
[Site "London"]
[Date "1986.??.??"]
[Round "13"]
[White "Levitt, Jonathan"]
[Black "Walker, Susan"]
[Result "1-0"]
[WhiteElo "2395"]
[BlackElo "2220"]

1.d4 Nf6 2.c4 e6 3.Nf3 Bb4+ 4.Nc3 c5 5.g3 Ne4 6.Qd3 f5 7.Bd2 Nxd2 8.Qxd2 Qa5
9.Bg2 O-O 10.O-O Bxc3 11.bxc3 Qa4 12.Rab1 Nc6 13.Qd3 d6 14.Rfd1 Rd8 15.dxc5 dxc5
16.Qxd8+ Nxd8 17.Rxd8+ Kf7 18.Ne5+ Kf6 19.f4 Qxa2 20.Rbd1 Qxe2 21.Bf3 Qe3+
22.Kg2 a5 23.Rf8+ Ke7 24.Rf7+ Ke8 25.Rxg7 Kf8 26.Rf7+ Ke8 27.Rxh7  1-0

[Event "GLC Masters"]
[Site "London"]
[Date "1986.??.??"]
[Round "14"]
[White "Condie, Mark L"]
[Black "Le Blancq, Simon"]
[Result "1/2-1/2"]
[WhiteElo "2425"]
[BlackElo "2410"]

1.d4 Nf6 2.c4 e6 3.Nc3 Bb4 4.Nf3 c5 5.g3 d6 6.Bd2 Nc6 7.a3 Bxc3 8.Bxc3 Ne4
9.Rc1 O-O 10.Bg2 Nxc3 11.Rxc3 e5 12.dxe5 dxe5 13.O-O Bg4 14.h3 Bxf3 15.Bxf3 Qxd1
16.Rxd1 Nd4 17.Kf1 Nxf3 18.Rxf3 Rfd8 19.Rfd3 Rd4 20.e3 Rxd3 21.Rxd3 f6 22.Rd7 Rb8
23.a4 a6 24.Rc7 b5 25.cxb5 axb5 26.a5 Ra8 27.Rxc5 Rxa5 28.Ke2 Kf7 29.Kd3 Ke6
30.Rc7 g5 31.Rc6+ Kf5 32.g4+ Kg6 33.Rb6 Ra1 34.Rxb5 Rf1 35.Ke2 Rh1 36.Rc5 Rxh3
37.b4 Rh1 38.Kd3 Rb1 39.Rc4 Rb2 40.f3 Rb3+ 41.Kc2 Rxe3 42.b5 Ra3 43.b6 Ra6
44.Rb4 Ra8 45.b7 Rb8 46.Kd3 h5 47.gxh5+ Kxh5 48.Ke4 g4 49.fxg4+ Kxg4 50.Rb1 f5+
51.Kxe5 f4 52.Ke4 Re8+ 53.Kd3 Rb8 54.Ke2 Kf5 55.Kf3 Ke6 56.Kxf4  1/2-1/2

[Event "Lvov Int"]
[Site "Lvov"]
[Date "1986.??.??"]
[Round "?"]
[White "Giorgadze, Tamaz"]
[Black "Novikov, Igor A"]
[Result "1/2-1/2"]
[WhiteElo "2505"]
[BlackElo "2490"]

1.d4 Nf6 2.c4 e6 3.Nc3 Bb4 4.Nf3 c5 5.g3 Nc6 6.dxc5 Ne4 7.Bd2 Nxc3 8.Bxc3 Bxc3+
9.bxc3 Qa5 10.Bg2 Qxc5 11.Nd2 O-O 12.O-O b6 13.Qa4 Bb7 14.Rfd1 Rfd8 15.Ne4 Qa5
16.Qxa5 Nxa5 17.Nd6 Rab8 18.Rab1 Kf8 19.Rb4 Ke7 20.a4 Bxg2 21.Kxg2 Nb7 22.Nxb7 Rxb7
23.a5 Rdb8 24.axb6 Rxb6 25.Ra4 a6 26.Kf3 Rc6 27.Ke3 Rb3 28.Rc1 Rb2 29.Rd1 Rc5
30.f4  1/2-1/2

[Event "Lvov Int"]
[Site "Lvov"]
[Date "1986.??.??"]
[Round "?"]
[White "Giorgadze, Tamaz"]
[Black "Mikhalchishin, Adrian"]
[Result "1/2-1/2"]
[WhiteElo "2505"]
[BlackElo "2525"]

1.d4 Nf6 2.c4 e6 3.Nc3 Bb4 4.Nf3 c5 5.g3 b6 6.Bg2 Bb7 7.O-O cxd4 8.Qxd4 Nc6
9.Qd3 Rc8 10.b3 O-O 11.Bb2 d5 12.cxd5 Bxc3 13.Qxc3 Ne7 14.Qd4 Qxd5 15.Qa4 Qa5
16.Qxa5 bxa5  1/2-1/2

[Event "Novi Sad"]
[Site "Novi Sad"]
[Date "1986.??.??"]
[Round "6"]
[White "Izeta Txabarri, Felix"]
[Black "Rajkovic, Dusan"]
[Result "1/2-1/2"]
[WhiteElo "2400"]
[BlackElo "2410"]

1.d4 Nf6 2.c4 e6 3.Nc3 Bb4 4.Nf3 c5 5.g3 d5 6.cxd5 Nxd5 7.Bd2 cxd4 8.Nxd5 Bxd2+
9.Qxd2 Qxd5 10.Qxd4 O-O 11.Qxd5 exd5 12.Nd4 Nc6 13.e3 Nxd4 14.exd4 Re8+ 15.Kd2 Re4
16.Bd3 Rxd4 17.Kc3 Ra4 18.b3 d4+ 19.Kb2 Ra5 20.Be4 Re5 21.Rae1 g6 22.Bg2 Rxe1
23.Rxe1 Kf8  1/2-1/2

[Event "Novi Sad"]
[Site "Novi Sad"]
[Date "1986.??.??"]
[Round "17"]
[White "Izeta Txabarri, Felix"]
[Black "Smagin, Sergey"]
[Result "0-1"]
[WhiteElo "2400"]
[BlackElo "2495"]

1.d4 Nf6 2.c4 e6 3.Nc3 Bb4 4.Nf3 c5 5.g3 cxd4 6.Nxd4 O-O 7.Bg2 d5 8.Qb3 Bxc3+
9.bxc3 Nc6 10.cxd5 Na5 11.Qc2 Nxd5 12.Qd3 Qc7 13.Nb5 Qc6 14.Ba3 Rd8 15.e4 Nc4
16.exd5 Qxb5 17.Rb1 Qa6 18.Be7 Rxd5 19.Bxd5 exd5 20.O-O Be6 21.f4 Bh3 22.Rf2 Qe6
23.Qe2 b6 24.Qxe6 fxe6 25.Rb3 Rc8 26.Ba3 d4 27.Bb2 d3 28.Bc1 Rc5 29.Rb4 a5
30.Rb1 b5 31.Bd2 h5 32.Re1 Kf7 33.Re4 Rd5 34.Re1 Kf6 35.Ra1 Bg4 36.Kf1 Na3
37.Rc1 Kf5 38.Kg2 Nc4 39.Kf1 Be2+ 40.Ke1 Kg4 41.Ra1 e5 42.fxe5 Nxe5 43.Rf4+ Kh3
44.Kf2 g5 45.Rd4 Ng4+ 46.Rxg4 Bxg4 47.Kg1 Rc5 48.Rb1 b4 49.Rc1 Re5 50.Re1 bxc3
51.Bxc3 Rc5  0-1

[Event "Philadelphia"]
[Site "Philadelphia"]
[Date "1986.??.??"]
[Round "?"]
[White "Schroer, Jonathan"]
[Black "Dauvergne, Peter"]
[Result "0-1"]
[WhiteElo "2370"]
[BlackElo "2200"]

1.d4 Nf6 2.c4 e6 3.Nc3 Bb4 4.Nf3 b6 5.Bg5 h6 6.Bh4 Bxc3+ 7.bxc3 Bb7 8.Nd2 d6
9.f3 Nbd7 10.e4 e5 11.Be2 O-O 12.Nf1 Qe8 13.Ne3 Nh5 14.Nf5 Kh7 15.Qd2 Nf4
16.Bd1 Ba6 17.dxe5 Nxe5 18.Bc2 Ne6 19.Bf6 Nxc4 20.Nxg7 Nxd2 21.Nxe8 Nc4 22.e5+ Kg8
23.exd6 cxd6 24.Nxd6 Nxd6 25.Be7 Rfe8 26.Bxd6 Nc5+ 27.Be4 f5 28.Bxc5 bxc5
29.O-O-O fxe4 30.Rd6 Bd3 31.fxe4 Bxe4 32.Rf1 Rab8 33.Rf4 Rb1+ 34.Kd2 Rb2+
35.Kc1 Rxg2 36.Rxh6 Bf3  0-1

[Event "POL-ch"]
[Site "?"]
[Date "1986.??.??"]
[Round "12"]
[White "Nowak, Ignacy"]
[Black "Dejkalo, Stefan"]
[Result "0-1"]
[WhiteElo "2420"]
[BlackElo "2435"]

1.d4 Nf6 2.c4 e6 3.Nc3 Bb4 4.Nf3 c5 5.g3 cxd4 6.Nxd4 O-O 7.Bg2 d5 8.Qb3 Bxc3+
9.bxc3 dxc4 10.Qa3 Nd5 11.O-O Bd7 12.Rd1 Qc8 13.Rb1 Na6 14.Bf4 h6 15.Bd6 Rd8
16.e4 Nb6 17.e5 Nc7 18.Rd2 Ncd5 19.Re1 Na4 20.Rc2 b5 21.f4 a5 22.f5 Naxc3
23.f6 Ra6 24.fxg7 Kxg7 25.Rxc3 b4 26.Qc1 bxc3 27.Bxd5 exd5 28.Qxc3 Kg8 29.Ba3 Rg6
30.Ne2 Be6 31.Qd4 Rg4 32.Nf4 c3 33.Bc5 Qa6 34.Qxc3 Qc4 35.Qxa5 Rc8 36.Be3 Qc7
37.Qd2 Qd7 38.Rd1 Qa4 39.Nxd5 Bxd5 40.Qxd5 Qe4 41.Qxe4 Rxe4 42.Bxh6 Rc2 43.Bf4 Ree2
44.g4 Rg2+ 45.Kh1 Rxg4 46.Bg3 Rxa2 47.Re1 Rg6 48.Kg1 Kf8 49.Kf1 Ke7 50.Re2 Rxe2
51.Kxe2 Ke6 52.Ke3 Rg4 53.Bf4 Kf5 54.Bg3 Ra4 55.Kd3 Re4 56.Kc3 Kg4 57.Kd2 Kf3
58.Kd3 Ra4 59.Be1 Ra1 60.Bg3 Rd1+ 61.Kc4 Ke4 62.Kc3 Ke3 63.Kc2 Rd5 64.Kc3 Rc5+
65.Kb4 Rc2 66.Kb3 Kd3 67.Bf4 Rc3+ 68.Kb2 Rc4 69.Bg3 Rb4+ 70.Kc1 Rb6 71.Bf4 Rb5
72.Bg3 Rb4 73.Bf2 Rc4+ 74.Kb1 Rc2  0-1

[Event "POL-chT"]
[Site "Porabka"]
[Date "1986.??.??"]
[Round "?"]
[White "Radziejewski, Dariusz"]
[Black "Hass, Roman"]
[Result "1/2-1/2"]
[WhiteElo "2310"]
[BlackElo "2305"]

1.d4 Nf6 2.c4 e6 3.Nf3 Bb4+ 4.Nc3 b6 5.Qb3 c5 6.a3 Bxc3+ 7.Qxc3 Bb7 8.e3 O-O
9.Be2 d6 10.O-O Nbd7 11.b4 Ne4 12.Qb3 Rb8 13.Bb2 f5 14.Rad1 Qe7 15.Ne1 Ndf6
16.f3 Ng5 17.Nd3 Nf7 18.Qa4 b5 19.cxb5 Nd5 20.dxc5 Nxe3 21.c6 Qg5 22.Rf2 Nxd1
23.Qxd1 Ba8 24.f4 Qe7 25.Qa1 Nh6 26.a4 a6 27.Ne1 Ng4 28.Rf3 e5 29.fxe5 dxe5
30.h3 e4 31.Rc3 Qa7+ 32.Rc5 Nf6 33.Bd4 axb5 34.Rxb5 Qf7 35.Rxb8 Rxb8 36.b5 f4
37.Qc3 Qg6 38.Bc4+ Kh8 39.Be6 Re8 40.Qc4 f3 41.Bf7 Qg3 42.Bf2 Qe5 43.Bxe8 e3
44.Nxf3 exf2+ 45.Kxf2 Qxe8 46.Ng5 Qf8 47.Nf7+ Kg8 48.c7 Bd5 49.Qc2 Be4 50.Qc4 Bd5
51.Qc2 Be4  1/2-1/2

[Event "POL-chT"]
[Site "Porabka"]
[Date "1986.??.??"]
[Round "?"]
[White "Staniszewski, Piotr"]
[Black "Gizynski, Tomasz"]
[Result "1/2-1/2"]
[WhiteElo "2405"]
[BlackElo "2290"]

1.d4 Nf6 2.c4 e6 3.Nf3 Bb4+ 4.Nc3 b6 5.Bg5 h6 6.Bh4 g5 7.Bg3 Ne4 8.Qc2 Bb7
9.e3 Bxc3+ 10.bxc3 d6 11.Bd3 f5 12.d5 Nd7 13.Bxe4 fxe4 14.Qxe4 Qf6 15.O-O O-O-O
16.Qxe6 Qxe6 17.dxe6 Nc5 18.Nd4 Rde8 19.f3 Nxe6 20.e4 Nc5 21.Rab1 Rhg8 22.Nb5 Kb8
23.Rfd1 h5 24.h4 gxh4 25.Bxh4 Nxe4 26.Kh2  1/2-1/2

[Event "POL-chT"]
[Site "Porabka"]
[Date "1986.??.??"]
[Round "?"]
[White "Weglarz, Leszek"]
[Black "Ksieski, Zbigniew"]
[Result "0-1"]
[WhiteElo "2295"]
[BlackElo "2385"]

1.d4 Nf6 2.c4 e6 3.Nc3 Bb4 4.Nf3 b6 5.Qb3 c5 6.e3 O-O 7.Be2 Ne4 8.O-O Bxc3
9.bxc3 Bb7 10.Ne1 Nc6 11.f3 Na5 12.Qa3 Nd6 13.dxc5 Ndxc4 14.Qa4 Bc6 15.Qb4 bxc5
16.Qxc5 d6 17.Qh5 Qf6 18.Rb1 Qxc3 19.Bd3 f5 20.f4 Rab8 21.Qe2 Rxb1 22.Bxb1 Qxc1  0-1

[Event "POL-chT"]
[Site "Porabka"]
[Date "1986.??.??"]
[Round "?"]
[White "Malachowski, Tomasz"]
[Black "Zielinski, Marek"]
[Result "0-1"]
[WhiteElo "2285"]
[BlackElo "2305"]

1.d4 Nf6 2.c4 e6 3.Nc3 Bb4 4.Nf3 c5 5.g3 cxd4 6.Nxd4 O-O 7.Bg2 d5 8.Qb3 Bxc3+
9.bxc3 dxc4 10.Qxc4 e5 11.Nb5 a6 12.Nc7 Ra7 13.Nd5 Nxd5 14.Qxd5 Qc7 15.Qb3 b6
16.Be3 Nd7 17.c4 Nc5 18.Bxc5 Qxc5 19.O-O Bg4 20.Rfe1 Rd8 21.Rad1 Rad7 22.Rd5 Rxd5
23.cxd5 Rc8 24.h3 Bd7 25.e3 Qc3 26.Qxc3 Rxc3 27.Re2 Kf8 28.Rb2 b5 29.Kf1 f5
30.Ke2 Ke7 31.Kd2 Ra3 32.e4 g6 33.h4 Kd6 34.Rc2 Ra4 35.Ke3 fxe4 36.Bxe4 Rxe4+  0-1

[Event "Somerset op"]
[Site "Somerset"]
[Date "1986.??.??"]
[Round "?"]
[White "Fedorowicz, John P"]
[Black "Reshevsky, Samuel Herman"]
[Result "1-0"]
[WhiteElo "2500"]
[BlackElo "2485"]

1.d4 Nf6 2.c4 e6 3.Nc3 Bb4 4.Nf3 c5 5.g3 d5 6.cxd5 Nxd5 7.Bd2 Nc6 8.a3 Nxc3
9.bxc3 Ba5 10.Bg2 Bb6 11.Bg5 Qd5 12.Be3 cxd4 13.cxd4 Ba5+ 14.Kf1 Qd8 15.Qd3 h6
16.h4 b6 17.Ne5 Nxe5 18.Qb5+ Bd7 19.Qxe5 f6 20.Qh5+ Ke7 21.Qg6 Rg8 22.Bxa8 Qxa8
23.f3 f5 24.Rc1 b5 25.d5 Qxd5 26.Bc5+ Kd8 27.Qf7 Re8 28.Qxg7  1-0

[Event "BCF-ch"]
[Site "Southampton"]
[Date "1986.??.??"]
[Round "1"]
[White "Levitt, Jonathan"]
[Black "Adams, Michael"]
[Result "0-1"]
[WhiteElo "2455"]
[BlackElo "2260"]

1.d4 Nf6 2.c4 e6 3.Nc3 Bb4 4.Nf3 b6 5.Bg5 Bb7 6.e3 h6 7.Bh4 g5 8.Bg3 Ne4
9.Qc2 Bxc3+ 10.bxc3 Nxg3 11.fxg3 Nc6 12.Bd3 Qe7 13.O-O O-O-O 14.a4 h5 15.a5 Nxa5
16.Ne5 Rhf8 17.Be4 d5 18.cxd5 exd5 19.Bf5+ Kb8 20.e4 Rd6 21.Rfe1 Qd8 22.Qa4 Ka8
23.exd5 Bxd5 24.c4 Bb7 25.Nxf7 Rxf7 26.Re8 Rxf5 27.d5 Rf8 28.Rae1 Rxe8 29.Rxe8 Bc8
30.Rxd8 Rxd8 31.Qc2 Kb8 32.Qe4 g4 33.Qe5 Nxc4 34.Qxh5 a5 35.h4 a4 36.Qg5 Re8
37.Qc1 Nd6 38.h5 Rh8 39.h6 Rh7 40.Kf2 Bd7 41.Qb2 Rxh6  0-1

[Event "BCF-ch"]
[Site "Southampton"]
[Date "1986.??.??"]
[Round "3"]
[White "Ward, Christopher"]
[Black "Varley, Peter"]
[Result "1-0"]
[WhiteElo "2315"]
[BlackElo "2210"]

1.d4 Nf6 2.c4 e6 3.Nc3 Bb4 4.Nf3 O-O 5.Bg5 h6 6.Bh4 c5 7.e3 g5 8.Bg3 Ne4
9.Qc2 Qa5 10.Rc1 d5 11.Bd3 Qxa2 12.Bxe4 dxe4 13.Ne5 Nd7 14.O-O Bxc3 15.Qxc3 Qa4
16.dxc5 f5 17.Ra1  1-0

[Event "NOR-ch"]
[Site "Steinkjer"]
[Date "1986.??.??"]
[Round "?"]
[White "Bjerke, Richard"]
[Black "Lauvsnes, Arild"]
[Result "1-0"]
[WhiteElo "2280"]
[BlackElo "2220"]

1.Nf3 Nf6 2.c4 e6 3.d4 Bb4+ 4.Nc3 c5 5.g3 Nc6 6.Bg2 Ne4 7.Qd3 Qa5 8.Qxe4 Bxc3+
9.Bd2 Bxd2+ 10.Nxd2 Nxd4 11.Qd3 O-O 12.O-O Qc7 13.Rfd1 f5 14.b4 Qe5 15.e3 Nc6
16.Nf3 Qc7 17.bxc5 Nb4 18.Qd6 Qxd6 19.cxd6 b6 20.Ne5 Rb8 21.a4 a5 22.h3 Na6
23.g4 Nc5 24.Rdb1 Ba6 25.f4 g6 26.Bf3 Kg7 27.gxf5 gxf5 28.Kf2 Kf6 29.h4 Rg8
30.h5 Bb7 31.Rxb6 Bxf3 32.Rxb8 Rxb8 33.Kxf3 Rb2 34.Rg1 Rd2 35.h6 Ne4 36.Nxd7+ Kf7
37.Ne5+ Kf8 38.Rg2 Rxd6 39.Rb2 Nf6 40.Rb8+ Ke7 41.Rb7+ Ke8 42.Ke2 Ne4 43.Rxh7 Rd2+
44.Ke1 Rh2 45.Nf3 Rh1+ 46.Ke2 Nc3+ 47.Kd3 Nxa4 48.Ng5 Nc5+ 49.Kd4 Nd7 50.Rh8+ Ke7
51.h7 Nf6 52.Ra8 Nxh7 53.Ra7+ Kd6 54.Nxh7 Rd1+ 55.Kc3 Re1 56.Kd2 Ra1 57.Ng5 a4
58.Kc3 Rc1+ 59.Kb4 Rb1+ 60.Ka3 Rb3+  1-0

[Event "NOR-ch"]
[Site "Steinkjer"]
[Date "1986.??.??"]
[Round "?"]
[White "Bjerke, Richard"]
[Black "Agdestein, Espen"]
[Result "1/2-1/2"]
[WhiteElo "2280"]
[BlackElo "2340"]

1.Nf3 Nf6 2.c4 e6 3.Nc3 Bb4 4.d4 O-O 5.Bg5 c5 6.e3 cxd4 7.exd4 d5 8.Bd3 dxc4
9.Bxc4 Nc6 10.O-O b6 11.a3 Be7 12.Qd3 Bb7 13.Rfe1 Nd5 14.Ne4 Nf6 15.Nc3 Nd5
16.Ne4 Nf6 17.Nc3  1/2-1/2

[Event "Szirak"]
[Site "Szirak"]
[Date "1986.??.??"]
[Round "?"]
[White "Spraggett, Kevin"]
[Black "Pinter, Jozsef"]
[Result "1/2-1/2"]
[WhiteElo "2525"]
[BlackElo "2555"]

1.d4 Nf6 2.c4 e6 3.Nc3 Bb4 4.Nf3 c5 5.g3 Nc6 6.Bg2 Qa5 7.d5 Bxc3+ 8.bxc3 Ne7
9.Qd3 Ng6 10.O-O O-O 11.Qc2 e5 12.h4 h6 13.d6 Qa6 14.Rd1 Qxc4 15.Nd2 Qg4
16.Bf3 Qh3  1/2-1/2

[Event "URS-ch U20"]
[Site "Tallinn"]
[Date "1986.??.??"]
[Round "?"]
[White "Azmaiparashvili, Zurab"]
[Black "Rozentalis, Eduardas"]
[Result "1-0"]
[WhiteElo "2465"]
[BlackElo "2465"]

1.d4 Nf6 2.c4 e6 3.Nc3 Bb4 4.Nf3 c5 5.g3 Nc6 6.Bg2 O-O 7.O-O Bxc3 8.bxc3 d6
9.Bf4 cxd4 10.cxd4 Re8 11.Rc1 h6 12.Qd3 Qe7 13.c5 dxc5 14.Rxc5 Nb4 15.Qb3 Nbd5
16.Bc1 b6 17.Rc2 Qb4 18.Ne5 Ba6 19.Ba3 Qxb3 20.axb3 Bb5 21.Rfc1 a5 22.Nc4 Red8
23.e4 Nb4 24.Bxb4 axb4 25.e5 Nd5 26.Bxd5 exd5 27.Nxb6 Ra6 28.Nc8 Ra3 29.Rb2 Bd3
30.f3 g5 31.Kf2 Kf8 32.Rc7 Ra1 33.Nd6 Bg6 34.f4 gxf4 35.gxf4 Rd1 36.f5 Bh5
37.Ra2 Rxd4 38.e6 fxe6 39.fxe6 Rf4+ 40.Kg3 Rf3+ 41.Kg2 Rxd6 42.Ra8+  1-0

[Event "URS-ch U20"]
[Site "Tallinn"]
[Date "1986.??.??"]
[Round "?"]
[White "Pigusov, Evgeny"]
[Black "Novikov, Igor A"]
[Result "1/2-1/2"]
[WhiteElo "2495"]
[BlackElo "2490"]

1.c4 Nf6 2.Nc3 e6 3.d4 Bb4 4.Nf3 c5 5.g3 Nc6 6.dxc5 Ne4 7.Qc2 Nxc3 8.bxc3 Bxc5
9.Bg2 b6 10.O-O Bb7 11.Bf4 Rc8 12.Rad1 Qe7 13.Qa4 O-O 14.Ne5 Nxe5 15.Bxb7 Rc7
16.Bxe5 Rxb7 17.Qa6 d6 18.Bxd6 Bxd6 19.Rxd6 Qxd6 20.Qxb7 Qa3  1/2-1/2

[Event "Agzamov mem"]
[Site "Tashkent"]
[Date "1986.??.??"]
[Round "17"]
[White "Rashkovsky, Nukhim N"]
[Black "Novikov, Igor A"]
[Result "0-1"]
[WhiteElo "2420"]
[BlackElo "2490"]

1.d4 Nf6 2.c4 e6 3.Nc3 Bb4 4.Nf3 O-O 5.Bg5 c5 6.e3 cxd4 7.exd4 h6 8.Bh4 Qa5
9.Bd3 Bxc3+ 10.bxc3 Qxc3+ 11.Kf1 d6 12.Bxf6 gxf6 13.Rc1 Qa5 14.h4 e5 15.g4 Nc6
16.g5 f5 17.gxh6 Kh8 18.Rg1 e4 19.d5 exf3 20.dxc6 bxc6 21.Qxf3 Be6 22.c5 Rg8
23.Rxg8+ Rxg8 24.Qf4 Qa3 25.Qd4+ Kh7 26.Rc2 dxc5 27.Rxc5 Rg6 28.h5 Rxh6 29.Rxc6 Rxh5
30.Rxe6 fxe6 31.Qd7+ Kh8 32.Qe8+ Kg7 33.Qxh5 Qxd3+ 34.Kg1 Qb1+ 35.Kg2 Qxa2
36.Qg5+ Kf7 37.Qh5+ Ke7 38.Qg5+ Kd7 39.Qg7+ Kc6 40.Qc3+ Kb5 41.Qd3+ Qc4 42.Qb1+ Kc6
43.Qb8 Qd5+ 44.f3 a5 45.Qc8+ Kb5 46.Qb8+ Kc4 47.Qc7+ Kd3 48.Qc1 Qa2+ 49.Kg3 a4
50.Qd1+ Kc3 51.Qe1+ Kd4 52.Kf4 Qc4 53.Qe3+ Kd5+ 54.Kg5 Qd4 55.Qc1 Qd3 56.Qc7 Qa6
57.Qd7+ Kc5 58.Qc7+ Kd4 59.f4 Qc4 60.Qe5+ Kd3 61.Qe1 Qb3 62.Qf1+ Kd4 63.Qf2+ Kd5
64.Qg2+ Kd6  0-1

[Event "Wuppertal"]
[Site "Wuppertal"]
[Date "1986.??.??"]
[Round "?"]
[White "Farago, Ivan"]
[Black "Budde, Vladimir"]
[Result "1-0"]
[WhiteElo "2520"]
[BlackElo "2345"]

1.d4 Nf6 2.c4 e6 3.Nc3 Bb4 4.Nf3 c5 5.g3 Ne4 6.Qd3 Qa5 7.Qxe4 Bxc3+ 8.Bd2 Bxd2+
9.Nxd2 d6 10.Bg2 O-O 11.Qe3 cxd4 12.Qxd4 Nc6 13.Qe3 d5 14.O-O d4 15.Qd3 e5
16.a3 Be6 17.b4 Qc7 18.f4 exf4 19.gxf4 Bg4 20.h3 Bh5 21.Rf2 Rfe8 22.Nf1 Re7
23.e4 dxe3 24.Nxe3 Qd8 25.Qxd8+ Rxd8 26.Nf5 Red7 27.c5 Bd1 28.Nd6 Ba4 29.Re1 g6
30.Re4 a6 31.f5 gxf5 32.Rxf5 Rxd6 33.cxd6 Rxd6 34.Ref4 Bb3 35.Rc5 Ba4 36.Rd5 Re6
37.Rd7 b5 38.Bd5 Rg6+ 39.Kh2 Ne5 40.Rdxf7  1-0

[Event "Andorra zt"]
[Site "Andorra"]
[Date "1987.??.??"]
[Round "?"]
[White "Izeta Txabarri, Felix"]
[Black "De la Villa Garcia, Jesus Maria"]
[Result "0-1"]
[WhiteElo "2380"]
[BlackElo "2485"]

1.d4 e6 2.c4 Nf6 3.Nc3 Bb4 4.Nf3 c5 5.g3 Ne4 6.Qd3 cxd4 7.Nxd4 Qa5 8.Nb3 Nxc3
9.Bd2 Ne4 10.Qxe4 Bxd2+ 11.Nxd2 O-O 12.Bg2 Nc6 13.Qd3 Qe5 14.Rb1 d5 15.O-O Rd8
16.b4 Qf6 17.Rfd1 dxc4 18.Qxc4 Rd4 19.Qc3 Rxb4 20.Qxf6 gxf6 21.Ne4 Rxb1 22.Rxb1 f5
23.Nd6 Nd8 24.f4 Rb8 25.Kf2 Bd7 26.Ke3 Kf8 27.Rb3 b6 28.Ra3 a5 29.Rc3 b5
30.Kd4 Ke7 31.Kc5 b4 32.Re3 Kf8 33.Rd3 a4 34.Rd2 Ke7 35.e4 fxe4 36.Bxe4 f5
37.Bf3 b3 38.axb3 Rxb3 39.Bd1 Rb1 40.Bc2 Nb7+ 41.Kd4 Rb6 42.Nc4 Ra6 43.Rd3 Bb5
44.Ra3 Rc6 45.Ne3 Nc5 46.h3 h5 47.Bd1 Ne4 48.g4 Rd6+ 49.Ke5 Nf6 50.gxf5 Nd7+  0-1

[Event "Andorra zt"]
[Site "Andorra"]
[Date "1987.??.??"]
[Round "?"]
[White "Izeta Txabarri, Felix"]
[Black "Fernandes, Antonio"]
[Result "1-0"]
[WhiteElo "2380"]
[BlackElo "2400"]

1.d4 Nf6 2.c4 e6 3.Nc3 Bb4 4.Nf3 c5 5.g3 cxd4 6.Nxd4 Ne4 7.Qd3 Qa5 8.Nb3 Nxc3
9.Bd2 Ne4 10.Qxe4 Bxd2+ 11.Nxd2 O-O 12.Bg2 Nc6 13.Qe3 d5 14.O-O d4 15.Qd3 e5
16.a3 Bf5 17.Qxf5 Qxd2 18.Qd3 Qxd3 19.exd3 Rfe8 20.b4 f5 21.Bd5+ Kf8 22.Rae1 g5
23.f4 gxf4 24.gxf4 e4 25.dxe4 fxe4 26.Bxe4 Re7 27.Kf2 Rc8 28.Bd3 Rf7 29.Kf3 a5
30.b5 Nb8 31.Re4 Nd7 32.Rxd4 Ne5+ 33.Ke2 Ng4 34.h3 Re8+ 35.Re4 Rxe4+ 36.Bxe4 Nf6
37.Kf3  1-0

[Event "Andorra zt"]
[Site "Andorra"]
[Date "1987.??.??"]
[Round "?"]
[White "Izeta Txabarri, Felix"]
[Black "Mariotti, Sergio"]
[Result "0-1"]
[WhiteElo "2380"]
[BlackElo "2410"]

1.d4 Nf6 2.c4 e6 3.Nc3 Bb4 4.Nf3 b6 5.Bg5 h6 6.Bh4 Bxc3+ 7.bxc3 Bb7 8.Nd2 d6
9.f3 Nbd7 10.e4 e5 11.Bd3 Nf8 12.Bc2 Ne6 13.Ba4+ Kf8 14.Nf1 Ng5 15.Ne3 Nh5
16.Bf2 g6 17.Qd2 Nf4 18.O-O-O Kg7 19.h4 Nge6 20.g3 Nh5 21.Bc2 Ba6 22.Bd3 Qe8
23.Nd5 c6 24.Nb4 Bb7 25.Nc2 a5 26.c5 bxc5 27.dxe5 dxe5 28.Bc4 Ba6 29.Bxa6 Rxa6
30.Qd6 Qb8 31.Na3 Qb7 32.Qxe5+ Kh7 33.Kc2 Re8 34.Bxc5 Raa8 35.Rb1 Qa6 36.c4 f6
37.Qd6 Rad8 38.Rb6 Qxb6 39.Qxe6 Qxc5 40.Qf7+ Ng7  0-1

[Event "FRG-ch"]
[Site "Bad Neuenahr"]
[Date "1987.??.??"]
[Round "?"]
[White "Reeh, Oliver"]
[Black "Schoenthier, Frank"]
[Result "1/2-1/2"]
[WhiteElo "2275"]
[BlackElo "2315"]

1.d4 Nf6 2.c4 e6 3.Nf3 Bb4+ 4.Nc3 O-O 5.Bg5 d5 6.e3 Nbd7 7.cxd5 exd5 8.Bd3 c5
9.O-O Qa5 10.Nxd5 Nxd5 11.a3 cxd4 12.axb4 Qxb4 13.e4 Nc7 14.e5 Ne6 15.Qe2 Re8
16.Rfc1 Nec5 17.Bd2 Qb6 18.Bc4 Nf6 19.Nxd4 Be6 20.Ba5 Bxc4 21.Rxc4 Qa6 22.Rxc5 Qxe2
23.Nxe2 b6 24.Rc7 Rxe5 25.Bc3 Rxe2 26.Raxa7 Rxa7 27.Rxa7 Re8 28.Rb7 Rd8 29.g3 Nd7
30.Bd4 Kf8 31.b4 f6 32.Kg2 Ke8 33.Bxb6 Nxb6 34.Rxb6 Kf7 35.Rb7+ Kg6 36.Rc7 Rd4
37.b5 Rb4 38.Rc5 Kf7 39.h4 Ke6 40.Rc7 Rxb5 41.Rxg7 h5 42.Rh7 Ra5 43.Kh3 Rb5
44.f3 Ra5 45.g4 hxg4+ 46.Kxg4 Ra1 47.h5 Rg1+ 48.Kf4 Rh1 49.h6 Rh4+ 50.Kg3 Rh1  1/2-1/2

[Event "Banja Vrucica"]
[Site "Banja Vrucica"]
[Date "1987.??.??"]
[Round "6"]
[White "Sarwinski, Miroslaw"]
[Black "Ilijin, Neboisa"]
[Result "1-0"]
[WhiteElo "2345"]
[BlackElo "2270"]

1.d4 Nf6 2.c4 e6 3.Nc3 Bb4 4.Nf3 c5 5.Bg5 h6 6.Bxf6 Qxf6 7.e3 Nc6 8.Be2 Bxc3+
9.bxc3 O-O 10.O-O d6 11.Nd2 Qe7 12.f4 b6 13.Bf3 Bb7 14.Nb3 Rac8 15.a4 Ba6
16.Be2 Na5 17.Nxa5 bxa5 18.Rc1 Rc7 19.Qd2 Rb8 20.f5 exf5 21.Rxf5 Re8 22.Rf3 Qe6
23.d5 Qe5 24.Bd3 Bc8 25.Rcf1 Bg4 26.Rg3 f5 27.Qf2 h5 28.Bxf5 Bxf5 29.Qxf5 Qxf5
30.Rxf5 Re4 31.Rf4 Rce7 32.Kf2 Rxf4+ 33.exf4 Re4 34.Rg6 Rxf4+ 35.Ke3 Rxc4
36.Kd3 Rg4 37.Rxg4 hxg4 38.Ke4 Kf7 39.Kf5 g3 40.h4 g6+ 41.Kf4 Kf6 42.c4 a6
43.Ke4  1-0

[Event "Banja Vrucica"]
[Site "Banja Vrucica"]
[Date "1987.??.??"]
[Round "8"]
[White "Sarwinski, Miroslaw"]
[Black "Muse, Mladen"]
[Result "1/2-1/2"]
[WhiteElo "2345"]
[BlackElo "2415"]

1.d4 Nf6 2.c4 e6 3.Nc3 Bb4 4.Nf3 c5 5.Bg5 Bxc3+ 6.bxc3 Qa5 7.Bd2 Ne4 8.e3 b6
9.Bd3 Bb7 10.Qc2 Nxd2 11.Nxd2 cxd4 12.cxd4 Na6 13.O-O Nb4 14.Qc3 Nxd3 15.Qxd3 O-O
16.Rab1 d5 17.Rfc1 dxc4 18.Nxc4 Qg5 19.e4 Rad8 20.Ne3 f5 21.exf5 exf5 22.Rb5 Bxg2
23.Rxf5 Rxf5 24.Qxf5 Qxf5 25.Nxf5 Bh3 26.Ne7+ Kf8 27.Rc3 Kxe7 28.Rxh3 h6
29.Rg3 g5 30.Ra3 Rd7 31.Kf1 Kd6 32.Rh3 Rh7 33.Rh5 Kd5 34.h4 Rc7 35.Rxh6 gxh4
36.Rxh4 Rc1+ 37.Ke2 Rc2+ 38.Kd3 Rxf2 39.Rh5+ Kc6 40.a4 a5 41.Rh6+ Kb7 42.Rh7+ Kc6  1/2-1/2

[Event "OHRA op"]
[Site "Brussels"]
[Date "1987.??.??"]
[Round "9"]
[White "Hergott, Deen"]
[Black "Polaczek, Richard"]
[Result "1/2-1/2"]
[WhiteElo "2305"]
[BlackElo "2305"]

1.d4 Nf6 2.c4 e6 3.Nf3 Bb4+ 4.Nc3 c5 5.g3 cxd4 6.Nxd4 Ne4 7.Qd3 Qa5 8.Nb3 Nxc3
9.Bd2 Ne4 10.Qxe4 Bxd2+ 11.Nxd2 Nc6 12.Bg2 O-O 13.Qe3 d5 14.O-O d4 15.Qd3 e5
16.a3 g6 17.b4 Qc7 18.c5 Bf5 19.Be4 Be6 20.f4 exf4 21.Bxc6 Qxc6 22.Rxf4  1/2-1/2

[Event "Noviki-D"]
[Site "Budapest"]
[Date "1987.??.??"]
[Round "?"]
[White "Pirisi, Gabor"]
[Black "Haag, Ervin"]
[Result "1/2-1/2"]
[WhiteElo "2345"]
[BlackElo "2415"]

1.d4 Nf6 2.Nf3 e6 3.c4 Bb4+ 4.Nc3 c5 5.g3 O-O 6.Bg2 d5 7.O-O cxd4 8.Nxd4 dxc4
9.Bg5 Be7 10.e3 a6 11.Qe2 Qc7 12.Rac1  1/2-1/2

[Event "Budel zt"]
[Site "Budel"]
[Date "1987.??.??"]
[Round "?"]
[White "Miralles, Gilles"]
[Black "Wians, Camille"]
[Result "1-0"]
[WhiteElo "2450"]
[BlackElo "2200"]

1.d4 Nf6 2.c4 e6 3.Nc3 Bb4 4.Nf3 c5 5.g3 cxd4 6.Nxd4 O-O 7.Bg2 d5 8.O-O dxc4
9.Qa4 Na6 10.Ndb5 Nd5 11.Rd1 Nc5 12.Qc2 Qa5 13.Bd2 Bxc3 14.Nxc3 Nb4 15.Qc1 a6
16.a3 Nc6 17.Nd5 Nb3 18.Bxa5 Nxc1 19.Nb6 Nxa5 20.Nxa8 Ncb3 21.Rab1 e5 22.Nc7 Bf5
23.e4 Bg4 24.f3 Bh5 25.Rd7 Nd4 26.f4 Bg4 27.Rd5 Nac6 28.h3 Be2 29.fxe5 Bd3
30.Rd1 Rc8 31.Rd7 Ne2+ 32.Kf2 Nxe5 33.Re7 c3 34.bxc3 Nxc3 35.Rc1 Nc6 36.Rxc3 Nxe7
37.Rxd3  1-0

[Event "Buenos Aires BCA"]
[Site "Buenos Aires"]
[Date "1987.??.??"]
[Round "4"]
[White "Amura, Claudia Noemi"]
[Black "Reta, Miguel"]
[Result "1-0"]
[WhiteElo "2080"]
[BlackElo "2225"]

1.d4 Nf6 2.c4 e6 3.Nc3 Bb4 4.Nf3 O-O 5.Bg5 d5 6.e3 Nbd7 7.cxd5 exd5 8.Qb3 Qe7
9.a3 Ba5 10.Bd3 c5 11.Qc2 h6 12.Bxf6 Qxf6 13.dxc5 Bxc3+ 14.Qxc3 Qxc3+ 15.bxc3 Nxc5
16.Bc2 Bd7 17.O-O-O Be6 18.Rd4 Rac8 19.Kb2 Rc7 20.Rhd1 Rfc8 21.Ng1 Ne4 22.Bxe4 dxe4
23.Rd8+ Kh7 24.Rxc8 Rxc8 25.Rd4 Rc4 26.Ne2 g5 27.Ng3 f5 28.Nxf5 Rxd4 29.Nxd4 Bc4
30.Nf5 Kg6 31.Nd6 Bd5 32.c4  1-0